00814 2200313 4500001002100000005001500021035002000036007000300056008004100059040001200100100001600112245003700128250001300165300003000178020002200208041000800230082001100238084001700249090001700266260003300283260003600316850001000352650001100362700003000373990002400403990002400427990002400451990002500475INLIS00000000000266420260601081215 a0010-0620000037ta260601 1  aSBPUPAD0 aEnid Blyton1 aSarjana misterius /cEnid Blyton a,-cet,22 a266 hlm. :bilus ;c18 cm a978-602-032-217520 aInd a808.83 a808.83 ENI l a657.61 MAR a a--Jakarta :bGramedia,c2018 a,--Jakarta; :bGramedia;,c1980 aPUPAD 4asastra0 aPenerjemah, Agus Setiadi a33.101/DAK/DPK/2019 a33.004/DAK/DPK/2019 a33.099/DAK/DPK/2019 a33.0003/DAK/DPK/2019